000 01291nam0a22003611 4500
001 RU\NLR\A1SV\57670
005 20260405165434.0
035 _a(NLR Aleph) 009739626
090 _a9939162
_c9939162
100 _a20070912d1924 u y0rusy50 ca
101 0 _arus
102 _aRU
200 1 _aЖизнь и смерть
_fПроф. Е.С.Лондон и д-р И.И.Крыжановский
210 _aПг.
_cАкад. изд-во
_d[1924]
215 _a110, [1] с.
_cил.
_d17 см
225 _aНауч. б-ка
_v[№ 21-22]
451 1 _1001RU\NLR\A1SV\57671
_99939164
_aЛондон, Е. С. (1869-1939)
_cЛ.
_d[1925]
_fПроф. Е.С.Лондон и д-р И.И.Крыжановский
_nНауч. кн-во
_p110, [1] с.
_tЖизнь и смерть
620 _dСанкт-Петербург
700 1 _8rus
_7ca
_aЛондон
_bЕ. С.
_f1869-1939
_gЕфим Семенович
_3RU\NLR\AUTH\7771349
_954277
701 1 _aКрыжановский
_bИ.И.
801 0 _aRU
_bNLR
_c20070912
899 _aРНБ
_j17.145.8.31-21-22
899 _aНГОУНБ
899 _aМГУ
899 _aНБУВ
899 _aРГБ
899 _aКирОУНБ
899 _aНБ Бел.
942 _cBOOK
980 _aNB
980 _aA1SV
980 _aA1SV